MARC
| LEADER | 000000000a22000000004500 | ||
|---|---|---|---|
| 001 | 005785 | ||
| 041 | 0 | |a spa | |
| 082 | 0 | 4 | |a 325.3 |b V921e |
| 100 | 1 | |a Volkov, Mai | |
| 245 | 1 | 3 | |a La estrategia del neocolonialismo / |c Mai Volkov. |
| 260 | 1 | |a Buenos Aires, Argentina : |b Estudio, |c 1976. | |
| 300 | |a 92 páginas | ||
| 500 | |a Título original: Strateguia sovremiénovo neokolonializma | ||
| 650 | 4 | |a NEOCOLONIALISMO | |
| 650 | 4 | |a IMPERIALISMO | |
| 999 | |c 11777 |d 11777 | ||
| 942 | |c BK |h 325.3 V921e |2 z | ||
